00000000nam##2200000za#4500
0019.604245
003CaOODSP
00520210624211456
007cr |||||||||||
008150406|2006||||xxc|||||o    f|0| 0 fre|d
040 |aCaOODSP|bfre
043 |an-cn---
0861 |aTU3-5/06-5F-PDF
1102 |aBureau de la sécurité des transports du Canada.
24510|aSortie en bout de piste et collision avec le relief du Piper PA-31-350 Chieftain C-GNAY, exploité par Orca Airways Ltd à Powell River (Colombie-Britannique), le 8 mars 2006 |h[ressource électronique]
260 |aGatineau - Québec : |bBureau de la sécurité des transports du Canada |c2007.
300 |a10p.
4901 |aRapport d'enquête aéronautique |vA06P0036
500 |a« Le Bureau a autorisé la publication du rapport le 4 janvier 2007 » --p.10.
590 |a12-33-Supp|b2012-07-18
77508|tRunway overrun - collision with terrain - Orca Airways Ltd. Piper PA-31-350 Chieftain C-GNAY Powell River, British Columbia, 08 March 2006 |w(CaOODSP)9.574501
830#0|aRapport d'enquête aéronautique ;|vA06P0036|w(CaOODSP)9.501229
85640|ahttp://publications.gc.ca|qPDF|s184 Ko|uhttps://publications.gc.ca/collections/collection_2012/bst-tsb/TU3-5-06-5-fra.pdf|yA06P0036